[Event "US op"]
[Site "Chicago"]
[Date "1989.??.??"]
[Round "5"]
[White "Wilder, Michael"]
[Black "Williams, Winston"]
[Result "1-0"]
[WhiteElo "2540"]
[BlackElo "2220"]

1.d4 Nf6 2.Nf3 e6 3.c4 b6 4.g3 Ba6 5.b3 d5 6.cxd5 exd5 7.Bg2 Nbd7 8.O-O Bd6
9.Nc3 O-O 10.Bf4 Ba3 11.Qc2 Re8 12.Ne5 c5 13.Nxd5 Rc8 14.Nxf6+ Nxf6 15.Bh3 cxd4
16.Bxc8 Bxc8 17.Rfd1 Qd5 18.Qc4 Bb7 19.Nf3 Qxc4 20.bxc4 Ne4 21.Rd3 Nc3 22.Nxd4 Bb2
23.Re1 Nxa2 24.Nb5 Bc6 25.Nxa7 Be4 26.Rb3 Bd4 27.Nb5 Bc5 28.Nd6 Re6 29.Nxe4 Rxe4
30.Be3 h5 31.Ra1 Nb4 32.Rc1 Na2 33.Rc2 Nb4 34.Rxb4 Bxb4 35.Bxb6  1-0

[Event "Copenhagen Obro op"]
[Site "Copenhagen"]
[Date "1989.??.??"]
[Round "2"]
[White "Schandorff, Lars"]
[Black "Pieniazek, Artur"]
[Result "1/2-1/2"]
[WhiteElo "2455"]
[BlackElo "2345"]

1.d4 Nf6 2.c4 e6 3.Nf3 b6 4.g3 Ba6 5.Nbd2 Bb7 6.Bg2 c5 7.dxc5 Bxc5 8.O-O O-O
9.b3 d5 10.Bb2 Nc6 11.Qb1 Qe7 12.a3 a5 13.cxd5 exd5 14.Ng5 d4 15.Nde4 Nxe4
16.Nxe4 Rac8 17.Rc1 Ne5 18.b4 axb4 19.axb4 Bxb4 20.Rxc8 Bxc8 21.Bxd4 Bc5
22.Bxc5 bxc5 23.Qb5 Nd7 24.Qc6 Ne5 25.Qxc5 Qxc5 26.Nxc5 Bf5 27.Nb3 Rb8 28.Ra5 g6
29.Bd5 Nc6 30.Bxc6 Rxb3 31.Bd5 Rb6 32.Ra8+ Kg7 33.Re8 Kf6 34.e4 Be6 35.Bxe6 fxe6
36.f4 h5 37.Rf8+ Kg7 38.Ra8 Rb2 39.Ra7+ Kf6 40.h4 Rc2 41.Ra4 Rb2 42.Kf1 Rc2
43.Ra3 Rb2 44.Re3 Ra2 45.Re2 Ra3 46.Kf2 Rb3 47.Re3 Rb2+ 48.Kf3 Rb1 49.Ra3 Rc1
50.Ke3 Rg1 51.Kd4 Rd1+ 52.Kc5 Rc1+ 53.Kd6 Rd1+ 54.Kc7 Rd4 55.e5+ Kf5 56.Ra8 Kg4
57.Re8 Kxg3 58.Rxe6 Kxf4 59.Rxg6 Kxe5 60.Rg5+  1/2-1/2

[Event "Copenhagen op"]
[Site "Copenhagen"]
[Date "1989.??.??"]
[Round "7"]
[White "Kaunas, Kestutis"]
[Black "Maksimovic, Branimir"]
[Result "1/2-1/2"]
[WhiteElo "2260"]
[BlackElo "2425"]

1.d4 Nf6 2.c4 e6 3.Nf3 b6 4.g3 Ba6 5.Qa4 c6 6.Nc3 d5 7.cxd5 b5 8.Qb3 exd5
9.Bg5 Be7 10.Bxf6 Bxf6 11.Bg2 Be7 12.Ne5 O-O 13.O-O Bb7 14.Rfd1 Nd7 15.e4 Nxe5
16.dxe5 d4 17.e6 Qb6 18.exf7+ Rxf7 19.Ne2 c5 20.a4 a6 21.axb5 axb5 22.Rxa8+ Bxa8
23.Qa2 Bb7 24.b4 d3 25.Rxd3 c4 26.Rf3 Rxf3 27.Bxf3 Bxb4 28.Kg2 Bd6 29.h4 Qc5
30.Qa5 Bc7 31.Qd2 Qd6 32.Qc3 Qe5 33.Qc2 Qc5 34.Qd2 Bb6 35.Nc3 b4 36.Na4 Qd4
37.Qe2 Bc7 38.e5 Bxf3+ 39.Qxf3 Qxe5 40.Qc6 c3 41.Qc4+ Kh8 42.Qxb4 Qd5+ 43.Kg1 Qd1+
44.Kh2 Qf3 45.Qc5 h5 46.Nxc3 Be5 47.Nd5 Qe4 48.Kg1 Bd4 49.Qf8+ Kh7 50.Qf7 Qg6
51.Qf3 Be5 52.Kg2 Bd6 53.Ne3 Be5 54.Nf5 Qf7 55.Qe4 Bf6 56.Nd6+ Qg6 57.f3 Qxe4
58.fxe4 g5 59.hxg5 Bxg5 60.Kf3 Kg6 61.e5 h4 62.g4 h3 63.e6 h2 64.Kg2 Bf6
65.Kh1 Bd8 66.Ne4 Kg7 67.Kxh2 Kf8 68.Kg3 Ke7 69.Ng5 Kf6 70.Kf4 Be7  1/2-1/2

[Event "ESP-ch"]
[Site "ESP"]
[Date "1989.??.??"]
[Round "3"]
[White "Gomez Esteban, Juan Mario"]
[Black "Garcia Ilundain, David"]
[Result "1-0"]
[WhiteElo "2460"]
[BlackElo "2270"]

1.d4 Nf6 2.Nf3 e6 3.c4 b6 4.g3 Ba6 5.b3 Bb7 6.Bg2 Bb4+ 7.Bd2 c5 8.O-O O-O
9.Bc3 d5 10.cxd5 Nxd5 11.Bb2 cxd4 12.Qxd4 Qf6 13.Ne5 Bc5 14.Qd2 Bb4 15.Bxd5 Bxd2
16.Bxb7 Nd7 17.Nc4 Qg6 18.Bxa8 Rxa8 19.Nbxd2 h6 20.Rac1 Rd8 21.Nf3 Nc5 22.Bd4 Na6
23.Nce5 Qe4 24.Be3 Qb7 25.Nc6 Rd6 26.Ncd4 Nb4 27.Nb5 Rd7 28.Nc3 Qa6 29.Ne5 Rc7
30.a4 Qb7 31.h4 f6 32.Ng6 h5 33.Nb5 Rd7 34.Nf4 e5 35.Ng2 a6 36.Nc3 Qc6 37.Ne1 Qe6
38.Rb1 Qc6 39.Rc1 Qe6 40.Rb1 Qc6 41.Nd1 Qe4 42.Rc1 Kf7 43.Nf3 Na2 44.Nc3 Nxc3
45.Rxc3 Qb4 46.Rfc1 Rd1+ 47.Rxd1 Qxc3 48.Nd2 b5 49.axb5 axb5 50.Rb1 Qb4 51.f3 Kg6
52.Kf2 Qd6 53.Rc1 Qe6 54.Rc5 Qh3 55.Nf1 Qd7 56.b4 Qb7 57.Nd2 Qa6 58.Rd5 Kf7
59.Ne4 Kg6 60.Bc5 Qe6 61.Rd6 Qh3 62.Kg1 Qc8 63.Kg2 Qb8 64.Rd7 Qa8 65.Nc3 Qg8
66.Ne4 Qa2 67.Kf2 Qa8 68.Ra7 Qc8 69.Kg2 Qd8 70.Nd6 Qg8 71.Re7 Qa2 72.Kf2  1-0

[Event "ESP-ch"]
[Site "ESP"]
[Date "1989.??.??"]
[Round "9"]
[White "Sanchez Guirado, Francisco"]
[Black "Garcia Ilundain, David"]
[Result "1-0"]
[WhiteElo "2360"]
[BlackElo "2270"]

1.d4 Nf6 2.Nf3 e6 3.c4 b6 4.g3 Ba6 5.Nbd2 Bb4 6.Qc2 c5 7.e4 Bb7 8.d5 exd5
9.cxd5 Qe7 10.Bd3 Bxd5 11.O-O Bb7 12.e5 Ng4 13.Be4 Nc6 14.Nc4 O-O 15.h3 Nh6
16.Bxh6 gxh6 17.a3 Ba5 18.Nd6 Ba6 19.Nf5 Qe6 20.Bxc6 dxc6 21.Qe4 Kh8 22.Rfd1 Rfd8
23.Nd6 b5 24.b4 Bb6 25.bxc5 Bxc5 26.Qxc6 Bb6 27.Nd4 Qg6 28.N4f5 Rf8 29.Qc3 Qe6
30.Qf3 Rad8 31.Qf4 Rd7 32.Nxh6 f6 33.Ng4 Bc7 34.Qh6 Rfd8 35.Qxf6+ Qxf6 36.Nxf6 Rg7
37.Rac1 Bb6 38.Kg2 h5 39.e6 b4  1-0

[Event "FRA-chT"]
[Site "?"]
[Date "1989.??.??"]
[Round "?"]
[White "Andruet, Gilles"]
[Black "Miralles, Gilles"]
[Result "0-1"]
[WhiteElo "2420"]
[BlackElo "2400"]

1.d4 Nf6 2.c4 e6 3.Nf3 b6 4.g3 Ba6 5.b3 Bb4+ 6.Bd2 c5 7.Bxb4 cxb4 8.a3 Qe7
9.axb4 Qxb4+ 10.Nbd2 Bb7 11.Bg2 a5 12.O-O Na6 13.Re1 d5 14.Ne5 O-O 15.e4 Rfd8
16.exd5 exd5 17.Nf1 Qf8 18.Ne3 Nb4 19.Qf3 Ra7 20.Qf4 Ne8 21.Red1 Nc7 22.Bh3 Bc8
23.Bxc8 Rxc8 24.Nd7 Ne6 25.Nxf8 Nxf4 26.Nxh7 Ne2+ 27.Kf1 Nc3 28.Rdc1 Nca2
29.Ng5 Nxc1 30.Rxc1 dxc4 31.bxc4 a4 32.Ne4 a3 33.Nd6 Rca8 34.Nb5 Re7 35.Ra1 a2
36.Nc3 Ra3 37.Ned5 Nxd5 38.Nxd5 Rea7 39.Ke2 Rb3 40.Ne3 Rb2+  0-1

[Event "FRA-chT"]
[Site "?"]
[Date "1989.??.??"]
[Round "?"]
[White "Trommsdorf, Fro"]
[Black "Grizou, Regis"]
[Result "1-0"]
[WhiteElo "2110"]
[BlackElo "2235"]

1.d4 Nf6 2.Nf3 e6 3.c4 b6 4.g3 Ba6 5.b3 Bb4+ 6.Bd2 Be7 7.Bg2 c6 8.Bg5 Ne4
9.Bxe7 Qxe7 10.Nfd2 Nxd2 11.Nxd2 d5 12.O-O Nd7 13.Re1 Rc8 14.Qc1 O-O 15.c5 bxc5
16.Qa3 Bb5 17.Rac1 Rfe8 18.dxc5 a5 19.Nf3 Rcd8 20.Nd4 Rb8 21.Qxa5 Ra8 22.Qd2 Nxc5
23.Qc2 Na6 24.a4 Nb4 25.Qd2 Ba6 26.Nxc6 Nxc6 27.Rxc6 Reb8 28.Rec1 h6 29.Rc7 Qb4
30.R1c3 Rb6 31.Bf3 Rd8 32.Bh5 f5 33.Rxg7+ Kxg7 34.Rc7+ Kf6 35.Qxh6+ Ke5 36.Qg7+ Kd6
37.Qe7+ Ke5 38.Qxd8 Qe1+ 39.Kg2 Rxb3 40.Qh8+ Kd6 41.Qd8+ Ke5 42.Rc6  1-0

[Event "FRA-chT"]
[Site "?"]
[Date "1989.??.??"]
[Round "?"]
[White "Pinter, Jozsef"]
[Black "Wilder, Michael"]
[Result "1/2-1/2"]
[WhiteElo "2550"]
[BlackElo "2540"]

1.d4 Nf6 2.c4 e6 3.Nf3 b6 4.g3 Ba6 5.b3 Bb4+ 6.Bd2 Be7 7.Nc3 O-O 8.e4 d5
9.cxd5 Bxf1 10.Kxf1 exd5 11.e5 Ne4 12.Kg2 c5 13.Qc2 Nxc3 14.Bxc3 Qd7 15.h4 Qe6
16.Ng5 Qg6 17.Qxg6 hxg6 18.Rad1 Rd8 19.dxc5 bxc5 20.Ba5 Rd7 21.e6 fxe6 22.Nxe6 Nc6
23.Be1 Ne5 24.Nf4 d4 25.Ba5 Rb8 26.Rhe1 Bf6 27.Nd3 Nxd3 28.Rxd3 Kf7 29.Kf3 Rb5
30.Bd2 c4 31.bxc4 Rb2 32.Rc1 Rxa2 33.Bf4 Ra6 34.Rb3 Be7 35.Ke4 d3 36.Rd1 Rc6  1/2-1/2

[Event "FRA-chT"]
[Site "?"]
[Date "1989.??.??"]
[Round "?"]
[White "Cairou, Yannick"]
[Black "Guenthner, Oliver"]
[Result "0-1"]
[WhiteElo "1980"]
[BlackElo "2325"]

1.d4 Nf6 2.c4 e6 3.Nf3 b6 4.g3 Ba6 5.b3 Bb4+ 6.Bd2 Be7 7.Bg2 d5 8.Ne5 c6
9.O-O O-O 10.Qc2 dxc4 11.bxc4 Qxd4 12.Bc3 Qd6 13.Rd1 Qc7 14.Nd2 Bb7 15.Nb3 Na6
16.Nd4 c5 17.Nb5 Qc8 18.Nd6 Bxd6 19.Rxd6 Bxg2 20.Kxg2 Nb4 21.Bxb4 cxb4 22.Rad1 Qc5
23.f4 Nd5 24.R6xd5 exd5 25.Rxd5 Qe3 26.Ng4 Qc3 27.Qxc3 bxc3 28.Rd3 Rfd8 29.Rxc3 Rd2
30.a3 h5 31.Nf2 Rxe2 32.Kf3 Ra2 33.h3 Rd8  0-1

[Event "Frankfurt"]
[Site "Frankfurt"]
[Date "1989.??.??"]
[Round "8"]
[White "Alber, Horst"]
[Black "Rigo, Janos"]
[Result "1-0"]
[WhiteElo "2360"]
[BlackElo "2385"]

1.d4 Nf6 2.c4 e6 3.Nf3 b6 4.g3 Ba6 5.Qa4 c6 6.Nc3 d5 7.cxd5 b5 8.Qb3 b4 9.dxe6 bxc3
10.exf7+ Ke7 11.bxc3 Qd5 12.Bg2 Qxf7 13.Bf4 Qc4 14.O-O Nbd7 15.Nd2 Qxb3 16.axb3 Bb7
17.Nc4 Nd5 18.Na5 Nxf4 19.gxf4 Rb8 20.Nxc6+ Bxc6 21.Bxc6 Nf6 22.Rxa7+ Kd6
23.Bf3 Rxb3 24.Rfa1 Ke6 25.e4 Ne8 26.R1a6+ Nd6 27.Bg4+  1-0

[Event "Frankfurt"]
[Site "Frankfurt"]
[Date "1989.??.??"]
[Round "12"]
[White "Gipslis, Aivars"]
[Black "Rigo, Janos"]
[Result "1/2-1/2"]
[WhiteElo "2485"]
[BlackElo "2385"]

1.d4 Nf6 2.Nf3 b6 3.c4 e6 4.g3 Ba6 5.Nbd2 c5 6.e4 cxd4 7.e5 Ng4 8.h3 Nh6
9.Bg2 Nc6 10.O-O Nf5 11.a3 b5 12.g4 Nfe7 13.Ne4 Ng6 14.Nxd4 Ncxe5 15.cxb5 Bb7
16.f4 Nc4 17.f5 Nge5 18.b3 Na5 19.Bf4 f6 20.b4 Nac4 21.Nxf6+ gxf6 22.Bxb7 Rb8
23.Bg2 Be7 24.Kh1 Rb6 25.fxe6 Rd6 26.g5 O-O 27.gxf6 Bxf6 28.e7 Bxe7 29.Qb3 Kh8
30.Rad1 Rdf6 31.Bxe5 Nxe5 32.Rxf6 Rxf6 33.Nc6 Nxc6 34.bxc6 Bd6 35.b5 dxc6
36.bxc6 Qe7 37.a4 Qe5 38.Rxd6 Qxd6 39.Qc3 Qd1+ 40.Kh2 Qd6+  1/2-1/2

[Event "Frankfurt"]
[Site "Frankfurt"]
[Date "1989.??.??"]
[Round "13"]
[White "Alber, Horst"]
[Black "Doery, Jeno"]
[Result "0-1"]
[WhiteElo "2360"]
[BlackElo "2320"]

1.d4 Nf6 2.c4 e6 3.Nf3 b6 4.g3 Ba6 5.Qc2 Bb7 6.Bg2 c5 7.d5 exd5 8.Nh4 Nc6
9.cxd5 Nb4 10.Qd1 Nbxd5 11.e4 Nc7 12.O-O d5 13.exd5 Bxd5 14.Re1+ Ne6 15.Qa4+ Qd7
16.Qxd7+ Kxd7 17.Bh3 Re8 18.Nc3 Bc6 19.Bg5 Kc7 20.Bxf6 gxf6 21.Nf5 Bd6 22.Rad1 Be5
23.Bg2 Nd4 24.Nh6 Rhf8 25.f4 Bd6 26.Rxe8 Rxe8 27.Nxf7 Bf8 28.Bxc6 Kxc6 29.f5 b5
30.a3 a5 31.g4 b4 32.axb4 axb4 33.Na2 Kb5 34.Nc1 Ra8 35.Nd3 Ra7 36.Nd8 c4
37.Nf4 Bc5 38.Kg2 Ra2 39.Nde6 Rxb2+ 40.Kg3 Rb3+ 41.Kg2 Nxe6 42.fxe6 Re3 43.Nd5 Re5  0-1

[Event "Troll Masters"]
[Site "Gausdal"]
[Date "1989.??.??"]
[Round "?"]
[White "Gausel, Einar"]
[Black "Magnusson, Joergen"]
[Result "1-0"]
[WhiteElo "2365"]
[BlackElo "2260"]

1.d4 Nf6 2.Nf3 e6 3.c4 b6 4.g3 Ba6 5.Qc2 c5 6.Bg2 Nc6 7.dxc5 Bxc5 8.O-O Rc8
9.Qa4 Nb8 10.b4 Be7 11.b5 Bb7 12.Qxa7 Bxf3 13.Bxf3 Rxc4 14.Be3 Bc5 15.Nd2 Rc3
16.Bf4 O-O 17.Nb3 d6 18.Rfd1 Ne8 19.Nxc5 Rxc5 20.a4 f5 21.a5 Rxb5 22.Rdb1 Rf7
23.axb6 Rxb1+ 24.Rxb1 Nf6 25.b7 e5 26.Bg5 e4 27.Bh5 Rf8 28.Rc1 Qd7 29.Bxf6 gxf6
30.e3 d5 31.Qb6 Kh8 32.Rc7 Qd8 33.Qc5 Na6 34.Qxf8+ Qxf8 35.Rc8 Kg7 36.Rxf8 Kxf8
37.Kg2 Ke7 38.Kh3 Kd6 39.Bf7 Ke5 40.Bg8 h6 41.Bh7 d4 42.exd4+ Kxd4 43.Bxf5 Ke5
44.g4 Kf4 45.Kh4  1-0

[Event "Dreszer op"]
[Site "Gdynia"]
[Date "1989.??.??"]
[Round "1"]
[White "Matlak, Marek"]
[Black "Pieniazek, Artur"]
[Result "1/2-1/2"]
[WhiteElo "2420"]
[BlackElo "2315"]

1.d4 Nf6 2.Nf3 e6 3.c4 b6 4.g3 Ba6 5.Qa4 Be7 6.Bg2 O-O 7.Nc3 c6 8.O-O d5
9.Ne5 b5 10.cxb5 cxb5 11.Qd1 b4 12.Na4 Qa5 13.b3 Rc8 14.Nd3 Nbd7 15.a3 bxa3
16.Bxa3 Bxa3 17.Rxa3 Bxd3 18.Qxd3 Qb4 19.Ra2 Rc7 20.Rb1 Rac8 21.Qd1 g6 22.e3 Kg7
23.Bf3 a5  1/2-1/2

[Event "BL2-S8889"]
[Site "Germany"]
[Date "1989.??.??"]
[Round "?"]
[White "Ramos, Domingo"]
[Black "Mischustov, Michael"]
[Result "0-1"]
[WhiteElo "2355"]
[BlackElo "2370"]

1.d4 Nf6 2.Nf3 e6 3.c4 b6 4.g3 Ba6 5.Qc2 Bb4+ 6.Bd2 Be7 7.Bg2 O-O 8.Ne5 c6
9.O-O d5 10.cxd5 cxd5 11.Nc3 Nfd7 12.Nxd7 Qxd7 13.Rac1 Rc8 14.Rfe1 b5 15.a3 b4
16.axb4 Bxb4 17.Qb3 Nc6 18.Qa4 Qb7 19.Ra1 Bc4 20.e3 Bf8 21.Nd1 Bb3 22.Qa6 Qxa6
23.Rxa6 Nb4 24.Bxb4 Bxb4 25.Nc3 Bxc3 26.bxc3 Rxc3 27.Bf1 Bc4 28.Rc6 a5 29.Rb1 g6
30.Rc7 a4 31.Rbb7 Rb3  0-1

[Event "BL2-S8889"]
[Site "Germany"]
[Date "1989.??.??"]
[Round "?"]
[White "Mandl, Robert"]
[Black "Ploetz, Werner"]
[Result "1-0"]
[WhiteElo "2280"]
[BlackElo "2265"]

1.Nf3 Nf6 2.c4 e6 3.d4 b6 4.g3 Ba6 5.b3 Bb4+ 6.Bd2 Be7 7.Nc3 c6 8.e4 d5 9.Qc2 O-O
10.e5 Ne8 11.Bd3 h6 12.h4 dxc4 13.bxc4 Nc7 14.Rd1 b5 15.c5 f5 16.exf6 Bxf6
17.O-O b4 18.Ne4 Bxd3 19.Qxd3 a5 20.Rfe1 Qd5 21.Bf4 Nb5 22.Rd2 Na6 23.Be5 Bxe5
24.Nxe5 Rad8 25.Ng6 Rf7 26.Nd6 Rxd6 27.cxd6 Qxd6 28.Qc4 Nac7 29.Ne5 Rf5 30.Nxc6 Nc3
31.a3 N7d5 32.axb4 axb4 33.Rb2 g5 34.Nxb4 gxh4 35.Nxd5 Nxd5 36.Qc8+ Kf7 37.Rb8 Ne7
38.Qe8+ Kg7 39.Rb7 Rf7 40.Re4 h5 41.Rf4  1-0

[Event "URS-sf Russia-ch"]
[Site "Gorky"]
[Date "1989.??.??"]
[Round "?"]
[White "Fokin, Sergey"]
[Black "Vyzmanavin, Alexey"]
[Result "0-1"]
[WhiteElo "2380"]
[BlackElo "2555"]

1.d4 Nf6 2.c4 e6 3.Nf3 b6 4.g3 Ba6 5.b3 Bb4+ 6.Bd2 Be7 7.Bg2 d5 8.O-O O-O
9.Bc3 Bb7 10.Nbd2 Nbd7 11.Bb2 Ne4 12.Ne1 Bd6 13.Nd3 Qe7 14.Rc1 f5 15.cxd5 exd5
16.Nf3 c6 17.Nfe5 Nxe5 18.Nxe5 c5 19.f4 Rac8 20.Bxe4 fxe4 21.Ng4 c4 22.Ne3 b5
23.Rc2 Qf7 24.f5 b4 25.Bc1 c3 26.f6 Qg6 27.fxg7 Kxg7 28.Ng2 Rxf1+ 29.Qxf1 Rf8
30.Bf4 Bc8 31.Qc1 Bh3 32.Bxd6 Qxd6 33.Nf4 Rxf4 34.Qxf4 Qxf4 35.gxf4 e3 36.a3 a5
37.axb4 axb4 38.Ra2 Kf6 39.Ra7 h5 40.Rb7 Kf5 41.Re7 Kxf4  0-1

[Event "URS-sf Russia-ch"]
[Site "Gorky"]
[Date "1989.??.??"]
[Round "?"]
[White "Kharitonov, Andrei Y"]
[Black "Utemov, Vladimir"]
[Result "1/2-1/2"]
[WhiteElo "2505"]
[BlackElo "2405"]

1.d4 Nf6 2.Nf3 e6 3.c4 b6 4.g3 Ba6 5.b3 Bb4+ 6.Bd2 Bxd2+ 7.Qxd2 c6 8.Bg2 d5
9.O-O Nbd7 10.Na3 Qe7 11.Qb2 O-O 12.Rac1 Rac8 13.Rfd1 Rfd8 14.e3 c5 15.Ne5 cxd4
16.exd4  1/2-1/2

[Event "Groningen op"]
[Site "Groningen"]
[Date "1989.??.??"]
[Round "2"]
[White "Hoeksema, Hendrik Pieter"]
[Black "Motwani, Paul"]
[Result "1-0"]
[WhiteElo "2380"]
[BlackElo "2490"]

1.d4 Nf6 2.c4 e6 3.Nf3 b6 4.g3 Ba6 5.b3 Bb4+ 6.Bd2 Be7 7.Bg2 c6 8.O-O d5
9.Bc3 Nbd7 10.Nbd2 O-O 11.Re1 c5 12.cxd5 Nxd5 13.Bb2 Rc8 14.Rc1 b5 15.a3 c4
16.Nb1 b4 17.bxc4 Rxc4 18.Rxc4 Bxc4 19.e4 N5f6 20.Qa4 Qb6 21.axb4 Bxb4 22.Bc3 Bxc3
23.Nxc3 Bb3 24.Qa1 Rc8 25.Rc1 a5 26.Bf1 a4 27.Qb2 Rb8 28.e5 Nd5 29.Nb5 h6
30.Nd2 Qa5 31.Nxb3 Qb4 32.Rb1 axb3 33.Qxb3 Qxb3 34.Rxb3 Nc7 35.Bc4 Nxb5 36.Rxb5 Rxb5
37.Bxb5 Nb6 38.f4 Kf8 39.Kf2 Ke7 40.Bc6 f5 41.h3 h5 42.h4 Nc8 43.Ke3 Kd8
44.Kd3 Ne7 45.Bf3 g6 46.Kc4 Ng8 47.Kc5 Ke7 48.Kc6 Nh6 49.Bd1 Nf7 50.Bb3 Nd8+
51.Kc7 Nf7 52.Bc4 Nh6 53.Be2 Nf7 54.Bd1 Nh6 55.Kb7 Nf7 56.Be2 Nd8+ 57.Kc7 Nf7
58.Kb6 Nh6 59.Bd1 Nf7 60.Kb7 Nd8+ 61.Kc7 Nf7 62.Bb3 Nh6 63.Bxe6 Kxe6 64.Kd8 Ng8
65.Ke8 Ne7 66.Kf8 Nc6 67.Kg7 Nxd4 68.Kxg6 Ne2 69.Kxh5 Nxg3+ 70.Kg5 Ne4+ 71.Kg6 Nc3
72.h5 Nd5 73.h6 Nxf4+ 74.Kg7 Nh5+ 75.Kf8 Nf4 76.h7  1-0

[Event "Groningen op"]
[Site "Groningen"]
[Date "1989.??.??"]
[Round "4"]
[White "Szymczak, Zbigniew"]
[Black "Howell, James C"]
[Result "1/2-1/2"]
[WhiteElo "2400"]
[BlackElo "2440"]

1.d4 Nf6 2.c4 e6 3.Nf3 b6 4.g3 Ba6 5.Nbd2 Bb4 6.Qb3 c5 7.Bg2 Bb7 8.O-O Nc6
9.dxc5 Bxc5 10.Qd3 O-O 11.b3 d5 12.Bb2 dxc4 13.Qxd8 Rfxd8 14.Nxc4 Rac8 15.Rfd1 Ng4
16.e3 b5 17.Nce5 Ncxe5 18.Nxe5 Bxg2 19.Kxg2 Nxe5 20.Bxe5 f6 21.Bb2 Bxe3 22.fxe3 Rc2+
23.Kg1 Rxd1+ 24.Rxd1 Rxb2 25.Rd8+ Kf7 26.Rd7+ Kg6 27.Rxa7 e5 28.e4 Re2 29.Rb7 Rxa2
30.Rxb5 Kg5 31.h3 h5 32.Rb7 g6 33.Rb6 Re2 34.h4+ Kg4 35.Rxf6 Kxg3 36.Rxg6+ Kxh4
37.b4 Rxe4 38.b5 Rb4 39.b6 Rb2 40.Kf1 e4 41.Re6 Kg3 42.Rxe4 Rxb6 43.Re3+ Kh2
44.Re2+ Kh1 45.Re8 Rf6+ 46.Ke2 Kg2 47.Rg8+ Kh3 48.Rg7 h4 49.Rg8 Kh2 50.Rg7 h3
51.Rg8 Kh1 52.Rg7 Rf4 53.Rh7 h2 54.Rg7 Ra4 55.Kf2 Ra1 56.Rg8 Rg1 57.Ra8 Rg2+
58.Kf1 Rg7 59.Rf8  1/2-1/2

[Event "EU-chT"]
[Site "Haifa"]
[Date "1989.??.??"]
[Round "4"]
[White "Schussler, Harry"]
[Black "Skembris, Spyridon"]
[Result "1/2-1/2"]
[WhiteElo "2540"]
[BlackElo "2420"]

1.d4 Nf6 2.Nf3 e6 3.c4 b6 4.g3 Ba6 5.b3 Bb7 6.Bg2 Bb4+ 7.Bd2 a5 8.O-O O-O
9.Qc2 h6 10.Bc3 d5 11.Bb2 Be7 12.cxd5 Nxd5 13.a3 Nd7 14.e4 N5f6 15.Nc3 c5
16.d5 exd5 17.exd5 Ne8 18.Ne4 Ndf6 19.Rad1 a4 20.Ne5 Nxe4 21.Qxe4 Bf6 22.bxa4 Bxe5
23.Qxe5 Rxa4 24.Rfe1 Qd6 25.Bh3 Ra8 26.Qe7 Bc8 27.Bg2 Bg4 28.Rd2 Qxe7 29.Rxe7 Nd6
30.h3 Bf5 31.Rde2 Bd3 32.Re1 Rad8 33.Be5 Bc4 34.Rc1 Bxd5 35.Bxd5 Nc8 36.Bxf7+ Rxf7
37.Rxf7 Kxf7 38.a4 Rd5 39.Bf4 Ke6 40.Be3 Kd6 41.Kf1 Kc6 42.Ke2 Nd6 43.g4 Re5
44.f3 Nb7 45.h4 Na5  1/2-1/2

[Event "Haninge"]
[Site "Haninge"]
[Date "1989.??.??"]
[Round "?"]
[White "Wilder, Michael"]
[Black "Polugaevsky, Lev"]
[Result "1-0"]
[WhiteElo "2540"]
[BlackElo "2575"]

1.d4 Nf6 2.Nf3 e6 3.c4 b6 4.g3 Ba6 5.b3 Bb7 6.Bg2 Bb4+ 7.Bd2 a5 8.O-O O-O
9.Qc2 Qe7 10.Bg5 h6 11.Bxf6 Qxf6 12.a3 Bc5 13.dxc5 Qxa1 14.Ng5 hxg5 15.Bxb7 Ra7
16.Nc3 Qxf1+ 17.Kxf1 Rxb7 18.Ne4 g4 19.cxb6 cxb6 20.Nd6 Rc7 21.Qe4 Rc6 22.Qd4 Na6
23.e4 f6 24.Nb5 Nb8 25.Nc3 d6 26.Qd1 f5 27.Nb5 a4 28.Nd4 Rcc8 29.Nxe6 Rf7
30.Ng5 Rf6 31.b4 Nd7 32.Qd5+ Kh8 33.Nf7+ Kh7 34.Nxd6 Rcf8 35.e5 Rh6 36.e6  1-0

[Event "Haninge"]
[Site "Haninge"]
[Date "1989.??.??"]
[Round "?"]
[White "Ftacnik, Lubomir"]
[Black "Wilder, Michael"]
[Result "1/2-1/2"]
[WhiteElo "2550"]
[BlackElo "2540"]

1.d4 Nf6 2.Nf3 e6 3.c4 b6 4.g3 Ba6 5.b3 Bb4+ 6.Bd2 Be7 7.Bg2 c6 8.O-O d5
9.Qc2 O-O 10.Rd1 Nbd7 11.a4 c5 12.Na3 Ne4 13.Be3 Bb7 14.Nd2 Nef6 15.dxc5 bxc5
16.Bf4 Qc8 17.cxd5 Nxd5 18.Ne4 Nxf4 19.gxf4 Nf6 20.Nc4 Bxe4 21.Bxe4 Rb8 22.Bf3 Nd5
23.Bxd5 exd5 24.Rxd5 Qg4+ 25.Kh1 Qxf4 26.f3 Rfe8 27.Rg1 Bf8 28.Qd3 g6 29.Rd7 Bg7
30.Rg4 Qc1+ 31.Rg1 Qf4 32.Rg4 Qc1+  1/2-1/2

[Event "JUG-ch"]
[Site "?"]
[Date "1989.??.??"]
[Round "?"]
[White "Drasko, Milan"]
[Black "Lalic, Bogdan"]
[Result "1/2-1/2"]
[WhiteElo "2505"]
[BlackElo "2525"]

1.d4 Nf6 2.c4 e6 3.Nf3 b6 4.g3 Ba6 5.Nbd2 d5 6.cxd5 exd5 7.Ne5 Be7 8.Bg2 O-O
9.O-O Bb7 10.Ndf3 c5 11.dxc5 bxc5 12.Be3 Na6 13.Rc1 h6 14.Nd2 Rb8  1/2-1/2

[Event "Kecskemet"]
[Site "Kecskemet"]
[Date "1989.??.??"]
[Round "?"]
[White "Dautov, Rustem"]
[Black "Petran, Pal"]
[Result "1-0"]
[WhiteElo "2535"]
[BlackElo "2455"]

1.d4 Nf6 2.c4 e6 3.Nf3 b6 4.g3 Ba6 5.b3 Bb4+ 6.Bd2 Be7 7.Bg2 c6 8.Bc3 d5
9.Ne5 Nfd7 10.Nxd7 Nxd7 11.Nd2 Rc8 12.O-O O-O 13.e4 c5 14.exd5 exd5 15.Bxd5 Nf6
16.Bg2 cxd4 17.Bb2 b5 18.Rc1 bxc4 19.Nxc4 Bxc4 20.bxc4 Bc5 21.Qd3 Qd6 22.Rfd1 Rfe8
23.Rc2 Rc7 24.Bf3 Rce7 25.Kg2 h5 26.h4 Rd7 27.Bc1 Rde7 28.Bf4 Qa6 29.Rb1 g6
30.Rb5 Qc8 31.Bg5 Kg7 32.Rcb2 Re1 33.Bb7 Qc7 34.Bxf6+ Kxf6 35.Qf3+ Kg7 36.Bc6 R8e3
37.fxe3 Rxe3 38.Rb7 Rxf3 39.Rxc7 Rc3 40.Bd5  1-0

[Event "Kecskemet"]
[Site "Kecskemet"]
[Date "1989.??.??"]
[Round "?"]
[White "Dautov, Rustem"]
[Black "Romanishin, Oleg M"]
[Result "1-0"]
[WhiteElo "2535"]
[BlackElo "2515"]

1.d4 Nf6 2.c4 e6 3.Nf3 b6 4.g3 Ba6 5.b3 Bb7 6.Bg2 Bb4+ 7.Bd2 c5 8.O-O O-O
9.Bxb4 cxb4 10.Qd3 Be4 11.Qe3 Nc6 12.Nbd2 d5 13.cxd5 exd5 14.Ne5 Bxg2 15.Nxc6 Qd7
16.Ne5 Qh3 17.Rfc1 Be4 18.Nxe4 dxe4 19.Qf4 Rae8 20.g4 Nd5 21.Qg3 Qxg3+ 22.hxg3 f6
23.Nc4 e3 24.f3 Re7 25.a3 bxa3 26.Nxa3 Rd8 27.Nb5 Rdd7 28.Rc4 Kf7 29.Kg2 g5
30.Raa4 Nc7 31.Nxc7 Rxc7 32.Rxc7 Rxc7 33.f4 a5 34.Kf3 Rc3 35.b4 Rc4 36.Kxe3 Rc3+
37.Kf2 Rc4 38.e3 gxf4 39.gxf4 f5 40.gxf5 Kf6 41.Ra1 Rxb4 42.Rh1 a4 43.Rxh7 Kxf5
44.Kf3 Rb3 45.Ra7 a3 46.d5 b5 47.d6 Ke6 48.d7 Ke7 49.f5 Rd3 50.Ke4 Rxd7 51.Rxa3 b4
52.Rb3 Rb7 53.Kd4 Kf6 54.e4 Rb8 55.Kc5 Rc8+ 56.Kxb4 Ke5 57.Re3 Kd4 58.Re1 Rb8+
59.Ka3 Ke5 60.Ka4 Rb7 61.Ka5 Rb8 62.Ka6 Rb2 63.Ka7 Rb5 64.Rf1 Kf6 65.Rc1 Ke5
66.Rc4 Rb1 67.Ka6 Rb2 68.Ka5 Rb8 69.Ra4 Ra8+ 70.Kb4 Rb8+ 71.Kc5 Rc8+ 72.Kb5 Rc7
73.Rc4 Rd7 74.Kc6 Rd8 75.Kc7 Rd1 76.Kc8 Rd6 77.Ra4 Kf4 78.Kc7 Rd1 79.f6 Ke5
80.Ra6 Rd2 81.Kc8  1-0

[Event "Kecskemet"]
[Site "Kecskemet"]
[Date "1989.??.??"]
[Round "?"]
[White "Blees, Albert"]
[Black "Romanishin, Oleg M"]
[Result "1-0"]
[WhiteElo "2355"]
[BlackElo "2515"]

1.d4 Nf6 2.c4 e6 3.Nf3 b6 4.g3 Ba6 5.Nbd2 Bb4 6.Qc2 Bb7 7.Bg2 Be4 8.Qd1 O-O
9.O-O Bxd2 10.Qxd2 d6 11.b3 Nbd7 12.Bb2 Qb8 13.Rac1 a5 14.a3 b5 15.c5 h6
16.Bh3 Bd5 17.Qd3 Ne4 18.Bg2 b4 19.a4 Ndf6 20.Ne1 dxc5 21.dxc5 Rd8 22.Qc2 Qb7
23.Bxf6 Nxf6 24.c6 Qa6 25.e4 Bxb3 26.Qxb3 Rd4 27.Qb1 Rb8 28.Nc2 Rd3 29.Ne3 b3
30.e5 Nd5 31.Bxd5 exd5 32.Qb2 d4 33.Nd5 Rf3 34.Qxd4 b2 35.Rb1  1-0

[Event "URS-sf Ukraine-ch"]
[Site "Kherson"]
[Date "1989.??.??"]
[Round "?"]
[White "Shneider, Aleksandr"]
[Black "Kuzmin, Gennadi P"]
[Result "1-0"]
[WhiteElo "2495"]
[BlackElo "2495"]

1.d4 Nf6 2.c4 e6 3.Nf3 b6 4.g3 Ba6 5.b3 d5 6.cxd5 exd5 7.Bg2 Bb4+ 8.Bd2 Bxd2+
9.Qxd2 O-O 10.O-O Re8 11.Nc3 Nbd7 12.Qb2 Nf8 13.Rfd1 Ng6 14.Ne5 Bb7 15.Nxg6 hxg6
16.Rac1 Qd7 17.e3 g5 18.Rc2 a5 19.Rdc1 Ba6 20.Nb1 Ra7 21.Nd2 g4 22.Rc3 Qe7
23.h3 gxh3 24.Bxh3 Ne4 25.Nxe4 dxe4 26.Bf1 Bxf1 27.Kxf1 Qd7 28.Qe2 Qh3+ 29.Kg1 Re6
30.Qb5 Re7 31.Qg5 Qd7 32.Rc6 a4 33.bxa4 Re8 34.Qf4 Rxa4 35.Rxc7 Qd5 36.Rc8 Ra8
37.Rxe8+ Rxe8 38.a4 Ra8 39.Qh4 Qf5 40.Qe7 Kh7 41.Rc7 Kg8 42.Rd7 Qf3 43.Rd8+ Rxd8
44.Qxd8+ Kh7 45.Qh4+ Kg6 46.g4  1-0

[Event "URS-sf Ukraine-ch"]
[Site "Kherson"]
[Date "1989.??.??"]
[Round "?"]
[White "Shneider, Aleksandr"]
[Black "Novikov, Igor A"]
[Result "1/2-1/2"]
[WhiteElo "2495"]
[BlackElo "2500"]

1.d4 Nf6 2.c4 e6 3.Nf3 b6 4.g3 Ba6 5.b3 Bb4+ 6.Bd2 Be7 7.Bg2 c6 8.Bc3 d5
9.Ne5 Nfd7 10.Nxd7 Nxd7 11.Nd2 O-O 12.O-O Rc8 13.e4 c5 14.exd5 exd5 15.dxc5 dxc4
16.c6 cxb3 17.Re1 Bb5 18.axb3 Bxc6 19.Bxc6 Rxc6 20.Rxa7 Bf6 21.Ne4 Bxc3 22.Rxd7 Qc8
23.Nxc3 Rxc3 24.Qd5 Qc6 25.Qxc6 Rxc6 26.Re3  1/2-1/2

[Event "URS-sf Ukraine-ch"]
[Site "Kherson"]
[Date "1989.??.??"]
[Round "?"]
[White "Novikov, Igor A"]
[Black "Gurevich, Vladimir"]
[Result "1-0"]
[WhiteElo "2500"]
[BlackElo "2395"]

1.d4 Nf6 2.c4 e6 3.Nf3 b6 4.g3 Ba6 5.b3 Bb4+ 6.Bd2 Be7 7.Nc3 O-O 8.Qc2 c5
9.d5 exd5 10.cxd5 d6 11.e4 Bxf1 12.Kxf1 Nbd7 13.Kg2 Re8 14.Rhe1 Bf8 15.Rad1 a6
16.a4 Qc7 17.h3 Qb7 18.Rb1 Ne5 19.Nxe5 Rxe5 20.b4 Qc7 21.bxc5 bxc5 22.Qb3 Ree8
23.Qb7 Rec8 24.Qxc7 Rxc7 25.Rb2 Nd7 26.f4 Re8 27.Kf3 g6 28.Reb1 c4 29.Rb7 Rec8
30.Rxc7 Rxc7 31.Nd1 f5 32.exf5 gxf5 33.Rc1 Bg7 34.Bb4 Rb7 35.Rxc4 Nb6 36.Rc6 Nxd5
37.Be1 Rb1 38.Ke2 a5 39.Bxa5 Ra1 40.Rxd6 Nf6 41.Bc3 Ra2+ 42.Kd3 Nh5 43.Bxg7 Kxg7
44.Nc3 Ra1 45.Kc4 Nxg3 46.Rd1 Rxd1 47.Nxd1 Ne2 48.a5  1-0